[Event "Madrid ch - Previa A"]
[Site "Madrid ESP"]
[Date "2009.11.03"]
[Round "2.3"]
[White "Camarero Izquierdo, Juan Carlos"]
[Black "Caceres Rodriguez, Jose J"]
[Result "0-1"]
[WhiteElo "1930"]
[BlackElo "1997"]
[PlyCount "58"]
[EventDate "2009.11.02"]
[EventType "swiss"]
[EventRounds "9"]
[EventCountry "ESP"]
[Source "lmi"]
[SourceDate "2009.11.02"]

1. e4 e5 2. Nf3 Nf6 3. Bc4 Nxe4 4. O-O d5 5. Re1 Nc6 6. Bb5 Bc5 7. d4 exd4 8.
Nbd2 Bf5 9. Nb3 O-O 10. Bxc6 bxc6 11. Nxc5 Nxc5 12. Nxd4 Qf6 13. b4 Ne4 14. Bb2
Rab8 15. Nxf5 Qxb2 16. Ne7+ Kh8 17. Nxc6 Rb6 18. Qxd5 Qxc2 19. Rxe4 Rxc6 20.
Qe5 Re6 21. Qa5 Qxe4 22. h3 Rg6 23. g3 Rxg3+ 24. fxg3 Qd4+ 25. Kg2 Qxa1 26. a4
Rd8 27. Qxc7 Qf6 28. h4 Rd2+ 29. Kh3 Qf5+ 0-1

[Event "Madrid ch - Previa A"]
[Site "Madrid ESP"]
[Date "2009.11.03"]
[Round "2.4"]
[White "Martin-Consuegra Barrilero, Francisco Javier"]
[Black "Lopez Heras, Arturo"]
[Result "0-1"]
[WhiteElo "1891"]
[BlackElo "1979"]
[PlyCount "78"]
[EventDate "2009.11.02"]
[EventType "swiss"]
[EventRounds "9"]
[EventCountry "ESP"]
[Source "lmi"]
[SourceDate "2009.11.02"]

1. d4 c5 2. c3 e6 3. Nf3 d5 4. Bf4 Nc6 5. e3 Nf6 6. Nbd2 Be7 7. Be2 Bd7 8. h3
c4 9. Ne5 Nxe5 10. Bxe5 O-O 11. O-O Bc6 12. a4 Bd6 13. Bxd6 Qxd6 14. b3 cxb3
15. Qxb3 Rfc8 16. Rfc1 Rc7 17. c4 dxc4 18. Nxc4 Qe7 19. Ne5 Bd5 20. Rxc7 Qxc7
21. Bc4 Rc8 22. Bxd5 Nxd5 23. Rb1 Nc3 24. Rb2 Nxa4 25. Ra2 b5 26. Rxa4 bxa4 27.
Qxa4 g6 28. Ng4 Kg7 29. Qb5 Rb8 30. Qe5+ Qxe5 31. Nxe5 Rb1+ 32. Kh2 a5 33. Nc4
a4 34. Kg3 Rb3 35. Nd2 Rd3 36. Ne4 a3 37. Nc5 Rc3 38. Ne4 Rc2 39. Nc5 Rxc5 0-1

[Event "Madrid ch - Previa A"]
[Site "Madrid ESP"]
[Date "2009.11.03"]
[Round "2.5"]
[White "Sotnikov, Taras"]
[Black "Lozano Sanchez, Jose Antonio"]
[Result "1/2-1/2"]
[WhiteElo "1971"]
[BlackElo "1912"]
[PlyCount "147"]
[EventDate "2009.11.02"]
[EventType "swiss"]
[EventRounds "9"]
[EventCountry "ESP"]
[Source "lmi"]
[SourceDate "2009.11.02"]

1. e4 e5 2. Nf3 Nc6 3. Bc4 Bc5 4. c3 d6 5. d4 exd4 6. cxd4 Bb4+ 7. Nc3 Bg4 8.
O-O Nf6 9. Bg5 Bxc3 10. bxc3 h6 11. Bxf6 Qxf6 12. Be2 O-O 13. Rb1 b6 14. Re1
Ne7 15. Nd2 Bxe2 16. Rxe2 Ng6 17. Nc4 Rfe8 18. f3 Nf4 19. Rd2 Ng6 20. Qa4 Qg5
21. Qc6 Nh4 22. Kh1 Ng6 23. Rc2 Qd8 24. Ne3 Ne7 25. Qb5 a6 26. Qh5 Ng6 27. Nd5
Ne7 28. Nf4 Nc6 29. Nd5 Ne7 30. Nb4 Ng6 31. Qh3 Qc8 32. Qg3 Qd8 33. Nd5 Rc8 34.
Qf2 Ne7 35. Nb4 a5 36. Nd3 Ng6 37. Re2 Qf6 38. f4 Rcd8 39. Qg3 Qh4 40. Qf3 Qf6
41. Qg4 Qh4 42. Qf5 Qe7 43. Re3 Qe6 44. Qxe6 fxe6 45. g3 Rd7 46. Re2 Rf7 47. e5
dxe5 48. Nxe5 Nxe5 49. Rxe5 Rf5 50. Re2 Kf7 51. Kg2 Ke7 52. Kf3 g5 53. Re4 gxf4
54. g4 Rf6 55. h4 Kd6 56. g5 Rg6 57. Re5 Rf8 58. Rg1 hxg5 59. hxg5 Rh8 60. Kxf4
Rh2 61. Kg4 Ke7 62. a3 Kf7 63. Rg3 Rd2 64. Rf3+ Kg7 65. d5 Rg2+ 66. Rg3 Rxg3+
67. Kxg3 Kf7 68. dxe6+ Rxe6 69. Rxe6 Kxe6 70. Kf4 b5 71. Ke4 c5 72. g6 b4 73.
g7 Kf7 74. cxb4 1/2-1/2

[Event "Madrid ch - Previa A"]
[Site "Madrid ESP"]
[Date "2009.11.03"]
[Round "2.6"]
[White "Lopez Rodriguez, Eduardo"]
[Black "Iagar, Razvan-Gabriel"]
[Result "0-1"]
[WhiteElo "1877"]
[BlackElo "1971"]
[PlyCount "108"]
[EventDate "2009.11.02"]
[EventType "swiss"]
[EventRounds "9"]
[EventCountry "ESP"]
[Source "lmi"]
[SourceDate "2009.11.02"]

1. e4 e6 2. d4 d5 3. exd5 exd5 4. Nf3 Nc6 5. Bd3 Bd6 6. O-O Nge7 7. Re1 Bg4 8.
c3 Qd7 9. Be3 Bf5 10. Qc2 Bxd3 11. Qxd3 f6 12. Nbd2 O-O 13. Nf1 Qf5 14. Qd2
Rfe8 15. Ng3 Qd7 16. Bf4 Bxf4 17. Qxf4 Ng6 18. Qd2 Na5 19. b3 Rad8 20. Rxe8+
Rxe8 21. Re1 Re6 22. Rxe6 Qxe6 23. Qe2 Qxe2 24. Nxe2 Kf7 25. h4 c6 26. h5 Nf8
27. Nf4 Ne6 28. Nxe6 Kxe6 29. g4 b6 30. Nh4 Nb7 31. Ng2 Nd6 32. Nf4+ Kf7 33. f3
f5 34. g5 h6 35. g6+ Kf6 36. Kf2 Nb5 37. c4 dxc4 38. bxc4 Nxd4 39. Kg3 Nc2 40.
Nh3 Ne3 41. c5 bxc5 42. f4 Nd5 43. Kf3 c4 44. Ke2 Ke7 45. Kd2 Nf6 46. Kc3 Nxh5
47. Kxc4 Kd6 48. a4 a5 49. Kd4 c5+ 50. Kc4 Kc6 51. Kd3 Kd5 52. Ke3 Nf6 53. Nf2
Ng4+ 54. Nxg4 fxg4 0-1

[Event "Madrid ch - Previa A"]
[Site "Madrid ESP"]
[Date "2009.11.03"]
[Round "2.7"]
[White "Vukotic Jovsic, Dragan"]
[Black "Fernandez Garcia, Ignacio"]
[Result "1-0"]
[WhiteElo "1970"]
[BlackElo "1895"]
[PlyCount "77"]
[EventDate "2009.11.02"]
[EventType "swiss"]
[EventRounds "9"]
[EventCountry "ESP"]
[Source "lmi"]
[SourceDate "2009.11.02"]

1. d4 Nf6 2. Bf4 d6 3. Nf3 g6 4. e3 Bg7 5. Be2 Na6 6. c4 c6 7. Nc3 O-O 8. h3 c5
9. O-O h6 10. Qd2 g5 11. Bg3 Bf5 12. Bd3 Qc8 13. Bxf5 Qxf5 14. e4 Nxe4 15. Nxe4
Qxe4 16. Rfe1 Qg6 17. Rxe7 cxd4 18. Rae1 Bf6 19. Rxb7 Nc5 20. Rc7 d3 21. Bxd6
Ne4 22. Qxd3 Rfe8 23. Ba3 Kg7 24. Rd7 h5 25. Nd2 Nxd2 26. Qxg6+ Kxg6 27. Rxe8
Rxe8 28. Rxd2 Re1+ 29. Kh2 a5 30. b3 Ra1 31. Rc2 Be5+ 32. g3 h4 33. c5 f5 34.
Kg2 hxg3 35. fxg3 Kf7 36. c6 Kg6 37. g4 f4 38. c7 Bxc7 39. Rc6+ 1-0

[Event "Madrid ch - Previa A"]
[Site "Madrid ESP"]
[Date "2009.11.03"]
[Round "2.8"]
[White "Beekhof Harmsen, Willen"]
[Black "Martin Prieto, Oscar"]
[Result "1-0"]
[WhiteElo "1872"]
[BlackElo "1967"]
[PlyCount "137"]
[EventDate "2009.11.02"]
[EventType "swiss"]
[EventRounds "9"]
[EventCountry "ESP"]
[Source "lmi"]
[SourceDate "2009.11.02"]

1. d4 d5 2. Nf3 c6 3. g3 Nf6 4. Bg2 e6 5. c4 Be7 6. O-O O-O 7. Nc3 Nbd7 8. Qc2
Re8 9. b3 Qc7 10. Bf4 Qa5 11. c5 Nf8 12. Bd2 Qd8 13. Ne5 N6d7 14. f4 f6 15.
Nxd7 Nxd7 16. e4 Nf8 17. exd5 exd5 18. f5 b6 19. b4 a5 20. a3 Ba6 21. b5 Bxb5
22. Nxb5 cxb5 23. cxb6 Rc8 24. Qb3 Qxb6 25. Bxd5+ Kh8 26. Be3 b4 27. Rac1 Bd6
28. Bf2 Qb8 29. a4 Rc7 30. Bc6 Rd8 31. Kg2 Qc8 32. Qf3 Nd7 33. Be3 Nb8 34. Bb5
Rc3 35. Rxc3 bxc3 36. Rc1 Bb4 37. Rc2 Nd7 38. Qc6 Qxc6+ 39. Bxc6 Nb6 40. Kf3
Nc4 41. Ke2 h6 42. d5 Ne5 43. Bb7 Rd7 44. Bc8 Rxd5 45. Be6 Rd8 46. h3 Nc6 47.
Bb6 Re8 48. Kd3 Ne5+ 49. Kd4 Nf3+ 50. Kc4 Nd2+ 51. Kd5 Nb3 52. Kc6 Re7 53. Bxb3
Re4 54. Bc5 Bxc5 55. Kxc5 Re5+ 56. Kd4 Rxf5 57. Rxc3 g5 58. g4 Rf4+ 59. Kc5 f5
60. gxf5 Rxf5+ 61. Bd5 Kg7 62. Rd3 Kf6 63. Kb5 Ke7 64. Kb6 h5 65. Bf3 h4 66.
Bg4 Re5 67. Rb3 Kd6 68. Rb5 Re8 69. Kxa5 1-0

[Event "Madrid ch - Previa A"]
[Site "Madrid ESP"]
[Date "2009.11.03"]
[Round "2.9"]
[White "Baeza Escudero, Javier"]
[Black "Rodriguez Vignote, Javier"]
[Result "1/2-1/2"]
[WhiteElo "1956"]
[BlackElo "1874"]
[PlyCount "112"]
[EventDate "2009.11.02"]
[EventType "swiss"]
[EventRounds "9"]
[EventCountry "ESP"]
[Source "lmi"]
[SourceDate "2009.11.02"]

1. Nf3 Nf6 2. c4 e6 3. g3 b6 4. Bg2 Bb7 5. O-O Be7 6. b3 O-O 7. Bb2 c5 8. Nc3
a6 9. e3 Qc7 10. Qe2 d5 11. cxd5 exd5 12. d4 Nbd7 13. Rac1 Rac8 14. Bh3 Qb8 15.
Na4 Rc7 16. Ba3 Qa7 17. Rc2 Bc6 18. Rfc1 Bb5 19. Qd1 Bxa4 20. bxa4 Re8 21. Ne5
c4 22. Bxe7 Rxe7 23. Qf3 Nxe5 24. dxe5 Rxe5 25. Bg2 b5 26. axb5 axb5 27. Rb1
Rb7 28. Rcb2 Qc5 29. Qf4 Re8 30. Rb4 Reb8 31. a4 c3 32. axb5 c2 33. Rc1 Qc3 34.
Qd4 Qxd4 35. Rxd4 Rxb5 36. Rd2 Rc5 37. Rdxc2 Rxc2 38. Rxc2 Rb1+ 39. Bf1 Kf8 40.
f3 Ke7 41. Kf2 Kd6 42. Bd3 Rb8 43. g4 h6 44. h4 g5 45. Kg3 Rb3 46. Rd2 Nd7 47.
hxg5 hxg5 48. e4 Nc5 49. Bc2 Rc3 50. Rxd5+ Kc6 51. Bb1 Rb3 52. Rd1 f6 53. Kf2
Rb2+ 54. Ke3 Rb3+ 55. Kd4 Ne6+ 56. Kc4 Rxf3 1/2-1/2

[Event "Madrid ch - Previa A"]
[Site "Madrid ESP"]
[Date "2009.11.03"]
[Round "2.10"]
[White "Spitzer Isbert, Ramon"]
[Black "Hernanz Villaoslada, Javier"]
[Result "1-0"]
[WhiteElo "2064"]
[BlackElo "1705"]
[PlyCount "45"]
[EventDate "2009.11.02"]
[EventType "swiss"]
[EventRounds "9"]
[EventCountry "ESP"]
[Source "lmi"]
[SourceDate "2009.11.02"]

1. e4 e5 2. Nf3 Nf6 3. d4 Nxe4 4. dxe5 d5 5. Bd3 Nc6 6. Nbd2 Bg4 7. h3 Nxd2 8.
hxg4 Nxf3+ 9. Qxf3 Nxe5 10. Qe2 Qe7 11. Be3 Qb4+ 12. Bd2 Qe7 13. O-O-O Nxd3+
14. Qxd3 O-O-O 15. Rh5 Qe4 16. Qh3 Bc5 17. Rf5 Qe6 18. Qc3 g6 19. Re1 Qb6 20.
Rxf7 Bxf2 21. Bf4 c6 22. Qe5 Bd4 23. Qb8# 1-0

[Event "Madrid ch - Previa A"]
[Site "Madrid ESP"]
[Date "2009.11.03"]
[Round "2.12"]
[White "Montolio Benedicto, Cesar"]
[Black "Lopez Peral, Enrique"]
[Result "1-0"]
[WhiteElo "1991"]
[BlackElo "1864"]
[PlyCount "107"]
[EventDate "2009.11.02"]
[EventType "swiss"]
[EventRounds "9"]
[EventCountry "ESP"]
[Source "lmi"]
[SourceDate "2009.11.02"]

1. e4 e5 2. Nf3 Nc6 3. Bb5 a6 4. Ba4 Nf6 5. d4 Nxe4 6. Qe2 d5 7. Nxe5 Be6 8.
Bxc6+ bxc6 9. Nxc6 Qd6 10. Ne5 Qb4+ 11. c3 Qb6 12. O-O Be7 13. Nd2 Nf6 14. Ndf3
h6 15. Re1 O-O 16. b3 Ne4 17. Bb2 Bf6 18. Nd2 Nd6 19. Nd3 Bf5 20. Nc5 Rfe8 21.
Qf3 Qc6 22. c4 Rxe1+ 23. Rxe1 Re8 24. Rxe8+ Qxe8 25. Qe3 dxc4 26. Qxe8+ Nxe8
27. Nxc4 Bc8 28. d5 Bxb2 29. Nxb2 Nd6 30. Nc4 Nb5 31. a4 Nc3 32. d6 cxd6 33.
Nxd6 Be6 34. Nxe6 fxe6 35. Nb7 Kf7 36. Nc5 Ne2+ 37. Kf1 Nd4 38. b4 Ke7 39. Nxa6
Kd6 40. Ke1 Kc6 41. Kd2 Kb6 42. Nc5 g6 43. Kd3 Nc6 44. Nxe6 Nxb4+ 45. Ke4 Nc6
46. Nd4 Nb4 47. Nb3 Nc6 48. f4 Kc7 49. f5 g5 50. f6 Kd7 51. Kf5 Ke8 52. Kg6
Ne5+ 53. Kg7 h5 54. a5 1-0

[Event "Madrid ch - Previa A"]
[Site "Madrid ESP"]
[Date "2009.11.03"]
[Round "2.14"]
[White "Fernandez Aransay, Fernando"]
[Black "Ortega Morales, Pedro"]
[Result "1-0"]
[WhiteElo "1937"]
[BlackElo "1809"]
[PlyCount "47"]
[EventDate "2009.11.02"]
[EventType "swiss"]
[EventRounds "9"]
[EventCountry "ESP"]
[Source "lmi"]
[SourceDate "2009.11.02"]

1. e4 e5 2. Nf3 Nc6 3. d4 exd4 4. Nxd4 Bc5 5. Be3 Qf6 6. c3 Nge7 7. Bc4 O-O 8.
O-O Ne5 9. Be2 d6 10. f4 N5c6 11. Qd2 Ng6 12. f5 Nge7 13. Bg5 Bxd4+ 14. Kh1
Bxc3 15. Nxc3 Qe5 16. f6 Ng6 17. fxg7 Re8 18. Bf6 Qa5 19. Qh6 Nce5 20. Nd5 Be6
21. Bxe5 Bxd5 22. Bc3 Qb6 23. exd5 Rxe2 24. Rf3 1-0

[Event "Madrid ch - Previa A"]
[Site "Madrid ESP"]
[Date "2009.11.03"]
[Round "2.15"]
[White "Garcia Gonzalez, Pedro A"]
[Black "Poblador Dieguez, Alfredo"]
[Result "1/2-1/2"]
[WhiteElo "1911"]
[BlackElo "1661"]
[PlyCount "52"]
[EventDate "2009.11.02"]
[EventType "swiss"]
[EventRounds "9"]
[EventCountry "ESP"]
[Source "lmi"]
[SourceDate "2009.11.02"]

1. d4 d5 2. Nf3 Nf6 3. e3 Bg4 4. c3 c6 5. Nbd2 Qc7 6. Qc2 e6 7. Bd3 Nbd7 8. b3
Bd6 9. Bb2 c5 10. h3 Bxf3 11. Nxf3 c4 12. Be2 h6 13. O-O O-O 14. Nd2 b5 15.
bxc4 dxc4 16. e4 e5 17. d5 Rfc8 18. a4 a6 19. Ba3 Bxa3 20. Rxa3 Nc5 21. axb5
axb5 22. Rxa8 Rxa8 23. Bf3 Nd3 24. Be2 Nf4 25. Bf3 Nd3 26. Be2 Nf4 1/2-1/2

[Event "Madrid ch - Previa A"]
[Site "Madrid ESP"]
[Date "2009.11.03"]
[Round "2.16"]
[White "Franco Rincon, David"]
[Black "Rodriguez Bachiller, Luis"]
[Result "0-1"]
[WhiteElo "1824"]
[BlackElo "1879"]
[PlyCount "80"]
[EventDate "2009.11.02"]
[EventType "swiss"]
[EventRounds "9"]
[EventCountry "ESP"]
[Source "lmi"]
[SourceDate "2009.11.02"]

1. e4 e5 2. Nf3 Nc6 3. Bb5 a6 4. Bxc6 dxc6 5. O-O Bd6 6. b3 Bg4 7. h3 Bh5 8. d3
Qd7 9. Be3 O-O-O 10. Nbd2 f6 11. Re1 Bb4 12. a3 Bc3 13. Rb1 Ne7 14. b4 Bf7 15.
Qc1 Ba2 16. Rd1 g5 17. Nb3 b6 18. Nh2 h5 19. d4 Bxb1 20. Qxb1 exd4 21. Rd3 Qe6
22. Bxd4 Bxd4 23. Nxd4 Qxe4 24. Nhf3 Rhe8 25. Re3 Qd5 26. Qe1 g4 27. c4 Qxc4
28. Ne6 gxf3 29. Nxd8 Kxd8 30. Qd1+ Nd5 31. Rxf3 Qe2 32. Qb3 Qe1+ 33. Kh2 Qe5+
34. g3 h4 35. Qa4 hxg3+ 36. Rxg3 Qf4 37. Qxc6 Qxf2+ 38. Rg2 Qf4+ 39. Rg3 Re2+
40. Kh1 Qf1+ 0-1

[Event "Madrid ch - Previa A"]
[Site "Madrid ESP"]
[Date "2009.11.03"]
[Round "2.17"]
[White "Huerta Navarro, Eusebio"]
[Black "Perez Herrero, Angel"]
[Result "1-0"]
[WhiteElo "1948"]
[BlackElo "1627"]
[PlyCount "96"]
[EventDate "2009.11.02"]
[EventType "swiss"]
[EventRounds "9"]
[EventCountry "ESP"]
[Source "lmi"]
[SourceDate "2009.11.02"]

1. e4 e6 2. d4 d5 3. exd5 exd5 4. Nc3 Nf6 5. Bg5 Bb4 6. Qd3 O-O 7. Nf3 Re8+ 8.
Be2 Bg4 9. O-O Nc6 10. a3 Be7 11. Rfe1 Ne4 12. Bxe7 Rxe7 13. Nd2 Bxe2 14. Rxe2
Nxc3 15. bxc3 Rxe2 16. Qxe2 Qe8 17. Re1 Kf8 18. Kf1 Qxe2+ 19. Rxe2 Re8 20. Nb3
Rxe2 21. Kxe2 b6 22. Kd3 Ke7 23. c4 dxc4+ 24. Kxc4 Kd6 25. f4 a6 26. g4 b5+ 27.
Kd3 Kd5 28. c3 a5 29. Nd2 Nd8 30. Nf1 c5 31. Ne3+ Kc6 32. d5+ Kd6 33. c4 b4 34.
Nf5+ Kd7 35. Nxg7 f6 36. Nf5 Nf7 37. h4 h6 38. Kc2 a4 39. axb4 cxb4 40. c5 b3+
41. Kb2 Nh8 42. h5 Nf7 43. Ne3 Nd8 44. Nc4 Kc7 45. Nb6 Nb7 46. Nxa4 Nxc5 47.
Nxc5 Kd6 48. Ne4+ Kxd5 1-0

[Event "Madrid ch - Previa A"]
[Site "Madrid ESP"]
[Date "2009.11.03"]
[Round "2.18"]
[White "Castro Uceda, Jose Antonio"]
[Black "Gabriel Y Galan Acevedo, Jesus"]
[Result "0-1"]
[WhiteElo "1715"]
[BlackElo "1981"]
[PlyCount "134"]
[EventDate "2009.11.02"]
[EventType "swiss"]
[EventRounds "9"]
[EventCountry "ESP"]
[Source "lmi"]
[SourceDate "2009.11.02"]

1. d4 Nf6 2. c4 g6 3. Nc3 d5 4. e3 Bg7 5. Nf3 O-O 6. Bd3 c6 7. O-O Nbd7 8. Re1
Re8 9. e4 dxc4 10. Bxc4 Nb6 11. Bb3 Bg4 12. e5 Nfd5 13. Nxd5 Nxd5 14. Bc4 Qb6
15. Be2 Rad8 16. h3 Bf5 17. Bd3 Bxd3 18. Qxd3 Nb4 19. Qc4 e6 20. Bg5 Rd7 21. a4
a5 22. Rad1 h6 23. Be3 Nd5 24. Bc1 Rc8 25. Nd2 Rdc7 26. Ne4 Bf8 27. Qe2 Kh7 28.
Qg4 Bg7 29. Nd6 Rf8 30. Rd3 c5 31. dxc5 Qxc5 32. Qe2 b6 33. h4 Qb4 34. h5 Rxc1
35. hxg6+ fxg6 36. Rxc1 Nf4 37. Qd2 Nxd3 38. Qxd3 Qf4 39. Qe3 Qxe3 40. fxe3
Bxe5 41. Nc4 Rc8 42. b3 Kg7 43. Rd1 Kf6 44. Kf2 Rc6 45. Kf3 Bc7 46. Ke4 h5 47.
Rf1+ Kg5 48. Rf7 Rc5 49. Re7 Kf6 50. Rd7 g5 51. Rh7 g4 52. Rh6+ Kg5 53. Rxe6
Kh4 54. Ne5 Kg3 55. Nd3 Rc3 56. Ne1 Kf2 57. Kd4 Rxb3 58. Nd3+ Kg3 59. e4 h4 60.
e5 Kxg2 61. Rc6 Rxd3+ 62. Kxd3 Bxe5 63. Rxb6 h3 64. Rb5 h2 65. Rxe5 h1=Q 66.
Re2+ Kh3 67. Re8 Qd1+ 0-1

[Event "Madrid ch - Previa A"]
[Site "Madrid ESP"]
[Date "2009.11.03"]
[Round "2.19"]
[White "Maseda Iglesias, Luis"]
[Black "Romero Jaime, Pedro"]
[Result "1-0"]
[WhiteElo "1839"]
[BlackElo "1730"]
[PlyCount "121"]
[EventDate "2009.11.02"]
[EventType "swiss"]
[EventRounds "9"]
[EventCountry "ESP"]
[Source "lmi"]
[SourceDate "2009.11.02"]

1. d4 Nf6 2. c4 g6 3. Nc3 Bg7 4. e4 d6 5. Nf3 O-O 6. h3 Nbd7 7. Be3 b6 8. Bd3
c5 9. d5 a6 10. Qe2 e5 11. g4 Rb8 12. Rg1 Ne8 13. h4 h6 14. O-O-O Nc7 15. a4
Rb7 16. Qd2 Kh7 17. Rg2 Nb8 18. Rh1 Bd7 19. Qe2 Qc8 20. Nd2 Qe8 21. f4 Bxa4 22.
f5 Bd7 23. Nf3 b5 24. Qd2 bxc4 25. Bxc4 Ba4 26. f6 Bxf6 27. Bxh6 Rh8 28. h5 Kg8
29. hxg6 fxg6 30. Rgh2 Na8 31. Bg5 Rxh2 32. Qxh2 Qe7 33. Bxf6 Qxf6 34. Nxa4 Rf7
35. Be2 a5 36. Qh6 Nd7 37. Ng5 Re7 38. Ne6 g5 39. Qxg5+ Qxg5+ 40. Nxg5 Nf6 41.
Rf1 Kg7 42. Ne6+ Kg6 43. Nc3 Nc7 44. Nxc7 Rxc7 45. Kc2 Nh7 46. Nb5 Rd7 47. Kb3
Ng5 48. Bd3 Nf7 49. Ka4 Kg5 50. Rf5+ Kxg4 51. Be2+ Kg3 52. Rf6 Rb7 53. Kxa5 Rd7
54. Kb6 Ng5 55. Nxd6 Rd8 56. Nf5+ Kf2 57. Bd3 Rb8+ 58. Kxc5 Rxb2 59. d6 Rb7 60.
Kc6 Rh7 61. d7 1-0

[Event "Madrid ch - Previa A"]
[Site "Madrid ESP"]
[Date "2009.11.03"]
[Round "2.20"]
[White "Benito Mellado, Humberto"]
[Black "Pardiñas Riaño, Emilio"]
[Result "1-0"]
[WhiteElo "1636"]
[BlackElo "1838"]
[PlyCount "63"]
[EventDate "2009.11.02"]
[EventType "swiss"]
[EventRounds "9"]
[EventCountry "ESP"]
[Source "lmi"]
[SourceDate "2009.11.02"]

1. d4 d5 2. c4 e6 3. Nc3 c6 4. Nf3 Nf6 5. Bg5 h6 6. Bh4 dxc4 7. e3 g5 8. Bg3 b5
9. Be2 Bb7 10. O-O Nbd7 11. Ne5 Bg7 12. Bf3 Rc8 13. a4 Qb6 14. axb5 cxb5 15.
Bxb7 Qxb7 16. Qf3 Qb6 17. Ne4 O-O 18. Nxd7 Nxd7 19. Bd6 Rfe8 20. Qh5 Rc6 21. f4
Rxd6 22. Nxd6 Qxd6 23. fxg5 Qf8 24. gxh6 Bxh6 25. Rf3 Bg7 26. Rh3 Nf6 27. Qxb5
Rb8 28. Qxc4 Rxb2 29. Rc1 Rb8 30. Rh4 Nd5 31. Qd3 a5 32. Qh7# 1-0

[Event "Madrid ch - Previa A"]
[Site "Madrid ESP"]
[Date "2009.11.03"]
[Round "2.21"]
[White "Cortijo Manso, Luis"]
[Black "Stet, Nutu"]
[Result "1/2-1/2"]
[WhiteElo "1628"]
[BlackElo "1819"]
[PlyCount "90"]
[EventDate "2009.11.02"]
[EventType "swiss"]
[EventRounds "9"]
[EventCountry "ESP"]
[Source "lmi"]
[SourceDate "2009.11.02"]

1. e4 c5 2. Nf3 Nc6 3. d4 cxd4 4. Nxd4 Nf6 5. Nc3 a6 6. Be3 d6 7. f3 Bd7 8. Qd2
Ne5 9. Be2 Rc8 10. O-O Qa5 11. Nb3 Qc7 12. Kh1 b5 13. a3 g6 14. Rac1 Bg7 15.
Bh6 O-O 16. Bxg7 Kxg7 17. Nd5 Nxd5 18. exd5 Nc4 19. Qd4+ Kg8 20. Rfe1 Rfe8 21.
Bd3 e6 22. dxe6 Bxe6 23. h4 h5 24. Qf6 Qd8 25. Qxd8 Rcxd8 26. Rb1 Bd7 27. Bxc4
bxc4 28. Nd4 d5 29. c3 Kf8 30. Nc2 a5 31. Ne3 Bc6 32. Kg1 Re7 33. Kf2 f5 34.
Nc2 Rde8 35. Rxe7 Rxe7 36. Nd4 Bd7 37. Re1 Rxe1 38. Kxe1 Kf7 39. f4 Ke7 40. Kd2
Kd6 41. Ke3 Kc5 42. g3 Kd6 43. Nf3 Kc5 44. Nd4 Kb6 45. Nf3 Kc5 1/2-1/2

[Event "Madrid ch - Previa A"]
[Site "Madrid ESP"]
[Date "2009.11.03"]
[Round "2.22"]
[White "Carrera Cabaneros, Francisco"]
[Black "Suarez Mencia, Roberto"]
[Result "1-0"]
[WhiteElo "1816"]
[BlackElo "1653"]
[PlyCount "69"]
[EventDate "2009.11.02"]
[EventType "swiss"]
[EventRounds "9"]
[EventCountry "ESP"]
[Source "lmi"]
[SourceDate "2009.11.02"]

1. d4 Nf6 2. c4 g6 3. Nc3 Bg7 4. e4 d6 5. f4 O-O 6. Nf3 Nbd7 7. Be2 e5 8. fxe5
dxe5 9. d5 Re8 10. O-O Nc5 11. Qc2 c6 12. Be3 Na6 13. Rad1 cxd5 14. cxd5 Ng4
15. Qd2 Qd6 16. Nb5 Qd7 17. Nxa7 f5 18. Bb5 Qd6 19. Bxe8 f4 20. Bf2 Nxf2 21.
Qxf2 Bg4 22. Bb5 Nc5 23. Bd3 Qb6 24. Nb5 Rxa2 25. Rd2 Bf8 26. b4 Ra4 27. Rb1
Bd7 28. Nc3 Rxb4 29. Rxb4 Qxb4 30. Na2 Qa5 31. Kh1 Bb5 32. Bxb5 Qxb5 33. Qe2
Qa4 34. d6 Nxe4 35. d7 1-0

[Event "Madrid ch - Previa A"]
[Site "Madrid ESP"]
[Date "2009.11.03"]
[Round "2.23"]
[White "Corredor Gonzalez, Angel L"]
[Black "Marcelo De La Mata, Daniel"]
[Result "0-1"]
[WhiteElo "1806"]
[BlackElo "1632"]
[PlyCount "68"]
[EventDate "2009.11.02"]
[EventType "swiss"]
[EventRounds "9"]
[EventCountry "ESP"]
[Source "lmi"]
[SourceDate "2009.11.02"]

1. e4 c6 2. Nf3 d5 3. e5 Bf5 4. d4 Na6 5. Bd3 Bg6 6. a3 e6 7. Ng5 Be7 8. Bxg6
hxg6 9. f4 Nc7 10. Qd3 Nh6 11. Nc3 Qd7 12. Bd2 c5 13. dxc5 Bxc5 14. O-O-O a5
15. h4 b5 16. Be3 Bxe3+ 17. Qxe3 b4 18. Nce4 Qc6 19. Nd6+ Ke7 20. h5 Nf5 21.
Nxf5+ gxf5 22. Qg3 Rab8 23. Rd3 bxa3 24. Rxa3 Nb5 25. Rxa5 Rhc8 26. Qd3 Nd4 27.
Ra7+ Ke8 28. c3 Qb6 29. Ra2 Qb3 30. Qb1 Ne2+ 31. Kd2 Nxc3 32. bxc3 Qxc3+ 33.
Ke2 Rxb1 34. Rxb1 Qc4+ 0-1

[Event "Madrid ch - Previa A"]
[Site "Madrid ESP"]
[Date "2009.11.03"]
[Round "2.24"]
[White "Perez Romana, David"]
[Black "Diaz Begonte, Manuel"]
[Result "0-1"]
[WhiteElo "1579"]
[BlackElo "1793"]
[PlyCount "104"]
[EventDate "2009.11.02"]
[EventType "swiss"]
[EventRounds "9"]
[EventCountry "ESP"]
[Source "lmi"]
[SourceDate "2009.11.02"]

1. e4 d6 2. d4 g6 3. Nc3 Bg7 4. Nf3 c6 5. Bc4 e6 6. Bg5 Ne7 7. O-O O-O 8. Re1
Nd7 9. d5 Nb6 10. Bb3 cxd5 11. exd5 e5 12. Ne4 f6 13. Be3 Bf5 14. Ng3 Rc8 15.
Nh4 Bd7 16. Qd2 Nc4 17. Bxc4 Rxc4 18. Nf3 Nf5 19. Nxf5 Bxf5 20. c3 Bg4 21. Qd3
Qc8 22. Nd2 Rc7 23. Nf1 b6 24. Qd2 f5 25. Bh6 f4 26. Bxg7 Kxg7 27. h3 Bd7 28.
Nh2 Bxh3 29. gxh3 Qxh3 30. f3 Rf5 31. Qg2 Qh4 32. Kf1 Rg5 33. Ng4 h5 34. Qh2
Qg3 35. Qxg3 fxg3 36. Ne3 Rf7 37. Kg2 e4 38. Rf1 exf3+ 39. Rxf3 Rxf3 40. Kxf3
h4 41. Kg2 Re5 42. Re1 g5 43. Kh3 Kg6 44. Kg4 Re4+ 45. Kh3 Kh5 46. Nc2 g4+ 47.
Kg2 Rf4 48. Re2 Rf3 49. Ne1 h3+ 50. Kg1 h2+ 51. Rxh2+ gxh2+ 52. Kxh2 Rf2+ 0-1

[Event "Madrid ch - Previa A"]
[Site "Madrid ESP"]
[Date "2009.11.04"]
[Round "3.1"]
[White "Lopez Heras, Arturo"]
[Black "Alvarez Abejon, Amilcar"]
[Result "0-1"]
[WhiteElo "1979"]
[BlackElo "2063"]
[PlyCount "114"]
[EventDate "2009.11.02"]
[EventType "swiss"]
[EventRounds "9"]
[EventCountry "ESP"]
[Source "lmi"]
[SourceDate "2009.11.02"]

1. e4 c5 2. Nf3 Nc6 3. c3 d5 4. e5 Bg4 5. Bb5 Qb6 6. Bxc6+ Qxc6 7. O-O e6 8. d4
Ne7 9. Be3 Nf5 10. Nbd2 Rc8 11. h3 Bxf3 12. Nxf3 Be7 13. Qd2 O-O 14. Rac1 b5
15. Bf4 Bd8 16. g4 Ne7 17. h4 Qa6 18. h5 Bb6 19. Bg5 Nc6 20. h6 f5 21. hxg7 Rf7
22. Bf6 Bd8 23. Qh6 Rcc7 24. Ng5 Rxg7 25. Bxg7 Bxg5 26. Qxg5 Rxg7 27. Qf6 Rg6
28. g5 Rxf6 29. gxf6 cxd4 30. cxd4 Nxd4 31. Kh1 Nf3 32. Rc7 b4 33. Rfc1 Nxe5
34. Rg7+ Kf8 35. Rxh7 Ng4 36. Rc8+ Qxc8 37. Rh8+ Kf7 38. Rxc8 Nxf2+ 39. Kg2 Nd3
40. b3 Kxf6 41. Rc7 Ke5 42. Rxa7 Kd4 43. Kf3 e5 44. Ke2 e4 45. a4 bxa3 46. Rxa3
f4 47. Kd2 e3+ 48. Ke2 Ke4 49. Ra1 f3+ 50. Kd1 e2+ 51. Kd2 e1=Q+ 52. Rxe1+ Nxe1
53. Kxe1 Kd3 54. Kf2 Kc3 55. Kxf3 Kxb3 56. Ke3 Kc3 57. Ke2 d4 0-1